René Descartes: discurso del método

Salvato in:
Dettagli Bibliografici
Autore principale: Cardona, Carlos (Autore)
Natura: Libro
Lingua:spagnolo
Pubblicazione: Madrid Magisterio Español 1975
Edizione:2a. ed
Soggetti:
Tags: Aggiungi Tag
Nessun Tag, puoi essere il primo ad aggiungerne!!

MARC

LEADER 00000nam a2200000 a 4500
001 UCX0494
003 CL-VaPUC
008 891027e19750000SP |||||||||||||||||spa|d
082 0 4 |a 141  |b CAR  |2 21 
100 0 |a Cardona, Carlos  |e author  |9 315923 
245 1 0 |a René Descartes: discurso del método 
250 |a 2a. ed 
300 |a 158 p 
942 |c BK 
945 |d 19891027 00:00:00 
260 |a Madrid  |b Magisterio Español  |c 1975 
600 0 |a Descartes, René  |e autor  |9 265906 
650 0 |a Filosofía francesa   |9 255698 
583 |a last modification  |c 19891027 00:00:00  |k Rodrigo Vera 
999 |c 222087  |d 222085 
952 |0 0  |1 0  |4 0  |6 141_000000000000000_CAR_1975  |7 0  |8 A  |9 216334  |a BIBEDU  |b BIBEDU  |d 2019-11-15  |i 2849062  |l 4  |o 141 CAR 1975  |p 2849062  |q 2025-05-29  |r 2025-04-29  |s 2025-04-29  |w 2019-11-15  |y BK  |k FIL